01323nam a22002417a 450000500170000000800410001702000180005804000070007604100120008308200170009510000120011224500690012425000090019326000450020230000270024736500530027452006070032765000420093465000260097665000250100265000410102770000130106820260513151300.0260507b |||||||| |||| 00| 0 eng d a9789387604018 cAL aEnglish a620.02bGUPP aR Gupta aPopular master guide GATE in engineeringb: engineering sciences a2024 aNew DelhibRamesh Publishing Housec2024 aiv,944p.bPBc24x18cm. a6831b₹702.00c₹d₹780.00e10%f14-03-2026 aThis immensely helpful mentoring book on Engineering Sciences is specially published for the aspirants of Graduate Aptitude Test in Engineering (GATE). The book comprises, along with the latest study and practice material, Solved Previous Years Paper which will prove extremely useful for readers to be well-conversant with the exam pattern, the type of questions asked and their answers. The book will prove very useful for study and self-practice, and during the precious moments before the exam for quick grasp and reference purpose. It will also serve as a true test of your studies and preparation aGraduate Aptitude Test in Engineering aEngineering Sciences  aEngineering aptitude aPractice papers and solved questions aR P H Ed